000 00605nam a2200241Ia 4500
003 OSt
005 20221007075822.0
006 a|||||r|||| 00| 0
007 ta
008 221006b |||||||| |||| 00| 0 eng d
024 _a44,410
037 _cTextual
040 _aFLL
_cFLL
_beng
041 _2eng
_aeng
082 _aW.2, N7
100 _aKAVIRAJ Sudipta
245 0 _aPolitics in India
250 _a1st
260 _aNew Delhi
_bOxford University Press India
_c1997
300 _aix,404p.
_ccm.
942 _hW.2, N7
_cTEXL
_2CC
999 _c1157472
_d1157472